[Event "Warsaw YMCA Winter-D 182nd"]
[Site "Warsaw"]
[Date "2017.03.07"]
[Round "8"]
[White "Derylo, Kamil"]
[Black "Piotrowski, Michal"]
[Result "0-1"]
[WhiteElo "1268"]
[BlackElo "1172"]
[PlyCount "94"]
[EventDate "2017.01.10"]
[EventType "tourn"]
[EventRounds "13"]
[EventCountry "POL"]
[SourceTitle "EXT 2019"]
[Source "ChessBase"]
[SourceDate "2018.10.10"]
[SourceVersion "1"]
[SourceVersionDate "2018.10.10"]
[SourceQuality "1"]

1. e4 e5 2. Nf3 Nc6 3. Bb5 Nf6 4. d3 d6 5. Nbd2 Bd7 6. 0-0 a6 7. Ba4 Be7 8. Re1 0-0 9. Nf1 b5 10. Bb3 Na5 11. Bd2 Nxb3 12. axb3 c5 13. Ba5 Qc8 14. b4 Bd8 15. Qd2 Bg4 16. Re3 Nh5 17. h3 Bxf3 18. Rxf3 Nf4 19. Bxd8 Qxd8 20. bxc5 dxc5 21. Ne3 c4 22. d4 Qxd4 23. Qxd4 Ne2+ 24. Kh2 Nxd4 25. Rg3 Ne2 26. Rf3 Rfd8 27. Nd5 Nd4 28. Rc3 Rd6 29. Rd1 Kf8 30. Rd2 Rc8 31. Kh1 Ne6 32. b3 Nc5 33. f3 Ne6 34. bxc4 Rdc6 35. Nb4 Rxc4 36. Rxc4 Rxc4 37. Nxa6 Nd4 38. Kg1 Nxc2 39. Rd5 b4 40. Rxe5 b3 41. Rb5 Nd4 42. Rb8+ Ke7 43. Nb4 Kd7 44. Rb7+ Kc8 45. Rb6 b2 46. Nd3 Rc1+ 47. Nxc1 bxc1Q+ 0-1